BASIC APPREHENSION OF HUMAN ANATOMY AND PHYSIOLOGY-I (Record no. 7479)

MARC details
000 -LEADER
fixed length control field 00543nam a22001697a 4500
005 - DATE AND TIME OF LATEST TRANSACTION
control field 20230119103301.0
008 - FIXED-LENGTH DATA ELEMENTS--GENERAL INFORMATION
fixed length control field 210227b ||||| |||| 00| 0 eng d
020 ## - INTERNATIONAL STANDARD BOOK NUMBER
ISBN 97893848775299
041 ## - LANGUAGE CODE
Language code of text/sound track or separate title eng
082 ## - DEWEY DECIMAL CLASSIFICATION NUMBER
Classification number 612 CHA-B
100 ## - MAIN ENTRY--AUTHOR NAME
Personal name CHAUDHARY, PREETI MISHRA RAKHI AND AHMAD SHAMIM
245 ## - TITLE STATEMENT
Title BASIC APPREHENSION OF HUMAN ANATOMY AND PHYSIOLOGY-I
Statement of responsibility, etc PREETI CHAUDHARY RAKHI MISHRA SHAMIM AHMAD
260 ## - PUBLICATION, DISTRIBUTION, ETC. (IMPRINT)
Place of publication MODINAGAR
Name of publisher UNNATI PUBLICATION
Year of publication 2019
300 ## - PHYSICAL DESCRIPTION
Number of Pages 302 P.
650 ## - SUBJECT ADDED ENTRY--TOPICAL TERM
Topical Term PHARMACY
General subdivision B.PHARMA & D.PHARMA
942 ## - ADDED ENTRY ELEMENTS (KOHA)
Koha item type Books
Holdings
Lost status Damaged status Home library Current library Date acquired Source of acquisition Cost, normal purchase price Full call number Koha item type
    JRU Library   27/02/2021 UNNATI PUBLICATION 380.00 612 CHA-B Books
    JRU Library   27/02/2021 UNNATI PUBLICATION 380.00 612 CHA-B Books
    JRU Library   27/02/2021 UNNATI PUBLICATION 380.00 612 CHA-B Books
    JRU Library   27/02/2021 UNNATI PUBLICATION 380.00 612 CHA-B Books
    JRU Library   27/02/2021 UNNATI PUBLICATION 380.00 612 CHA-B Books